| 000 | 03206nam a22004337a 4500 | ||
|---|---|---|---|
| 008 | 081212t xxu||||| |||| 00| 0beng d | ||
| 010 | _aENG-99470 B-430548 B-442665-674 | ||
| 020 |
_c795.00 _a9780198066446 |
||
| 020 |
_c795.00 _a0198066449 |
||
| 035 | _aEN-83002 B-430548 B-442665-674 | ||
| 037 | _bDBAD / PUB | ||
| 037 | _bRBC/VEN | ||
| 040 |
_adpl _bEnglish |
||
| 082 | _a330.954 | ||
| 100 |
_93724 _aBagchi, Amiya Kumar |
||
| 245 |
_aColonialism and Indian economy / _cby Amiya Kumar Bagchi |
||
| 260 |
_aNew Delhi _bOxford University Press _c2010 |
||
| 270 |
_aYMCA Library Building, Jai Singh Road, _bNew Delhi _e110001 |
||
| 300 |
_alii, 303p. _c22cm (Hb) |
||
| 500 | _aIncludes bibliographical references and index | ||
| 600 |
_aBaba Visakha Singh _xBiography. _93725 |
||
| 650 | _910381 | ||
| 700 | _910254 | ||
| 942 |
_2ddc _cEN _mBAG _h330.954 |
||
| 999 |
_c40786 _d40786 |
||